Catálogo
 En Linea

Amadeo Gabino / (Registro nro. 11124)

Detalles MARC
000 -CABECERA
campo de control de longitud fija 00885nam a2200229 a 4500
001 - NÚMERO DE CONTROL
campo de control 000011421
005 - FECHA Y HORA DE LA ÚLTIMA TRANSACCIÓN
campo de control 20200929162440.0
008 - DATOS DE LONGITUD FIJA--INFORMACIÓN GENERAL
campo de control de longitud fija 091016s1972 sp a 000 0 spa d
040 ## - FUENTE DE LA CATALOGACIÓN
Centro catalogador/agencia de origen DO-SdBNP
Lengua de catalogación spa
Centro/agencia transcriptor BNPHU
082 ## - NÚMERO DE LA CLASIFICACIÓN DECIMAL DEWEY
Número de clasificación 927.3092
Número de documento/Ítem G113g
100 1# - ENTRADA PRINCIPAL--NOMBRE DE PERSONA
Nombre de persona García Tizón, Antonio.
9 (RLIN) 27083
245 10 - MENCIÓN DE TÍTULO
Título Amadeo Gabino /
Mención de responsabilidad, etc. Antonio García Tizón.
260 ## - PUBLICACIÓN, DISTRIBUCIÓN, ETC.
Lugar de publicación, distribución, etc. Madrid :
Nombre del editor, distribuidor, etc. Dirección General de Bellas Artes,
Fecha de publicación, distribución, etc. 1972.
300 ## - DESCRIPCIÓN FÍSICA
Extensión 88 p. :
Otras características físicas il. ;
Dimensiones 17 cm.
490 1# - MENCIÓN DE SERIE
Mención de serie Artistas Españoles Contemporáneos
-- Escultores
Designación de volumen o secuencia 27
500 ## - NOTA GENERAL
Nota general Incluye referencias bibliográficas y notas al pie de las paginas
500 ## - NOTA GENERAL
Nota general Incluye datos biográficos del autor en las solapas
504 ## - NOTA DE BIBLIOGRAFÍA, ETC.
Nota de bibliografía, etc. Bibliografías : p. 75-77
600 14 - PUNTO DE ACCESO ADICIONAL DE MATERIA--NOMBRE DE PERSONA
Nombre de persona GABINO, AMADEO,
Fechas asociadas al nombre 1922-2004
Subdivisión general BIOGRAFÍAS
9 (RLIN) 27084
650 #4 - PUNTO DE ACCESO ADICIONAL DE MATERIA--TÉRMINO DE MATERIA
Término de materia o nombre geográfico como elemento de entrada Escultura española
9 (RLIN) 27082
830 #0 - PUNTO DE ACCESO ADICIONAL DE SERIE-TÍTULO UNIFORME
Título uniforme Artistas Españoles Contemporáneos,
Nombre de parte o sección de la obra Escultores ;
Número de parte o sección de la obra 27
9 (RLIN) 27085
Existencias
Estado de retiro Estado de pérdida Restricciones de uso No para préstamo Código de colección Localización permanente Ubicación/localización actual Ubicación en estantería Fecha de adquisición Número de inventario Total de préstamos Signatura topográfica completa Código de barras Fecha visto por última vez Precio válido a partir de Tipo de ítem Koha Número de copia
      Excluido de préstamo Monografías: Libros y Folletos General General Depósito 16.10.2009 LF1   927.3092 G113g 11421-10 25.06.2020 25.06.2020 No se presta  
  Extraviado   Excluido de préstamo Monografías: Libros y Folletos General General Extraviado 20.04.2017 LF1   927.3092 G113g 11421-20 25.06.2020 25.06.2020 No se presta e. 2

Con tecnología Koha